• 首页
  • 本馆介绍
  • 公告通知
  • 最新文献
  • 馆藏检索
  • 电子资源
  • 读者导购
  • 参考咨询
  • 我的图书馆
  • 登录
  • 详细信息显示
  • 放入我的书架
  • 预约/预借图书
  • 作者相关作品
  • 分类相关作品
  • 丛书相关作品
  • 出版社相关作品

书目信息

  • 表格格式
  • 工作单格式
  • 卡片格式
题名:
中央人民政府法令汇编
    
 
作者: ;中央人民政府法制委员会 编
分册:  
出版信息: 北京   法律出版社  1982.07
页数: 863页
开本: 22cm
丛书名:
单 册:
中图分类: D920.9
科图分类:
主题词: 法律--汇编--中国
电子资源:
ISBN:
000 00679nam0 2200217 45
001 0504271025
005 20061104171915.15
010    @b精装@dCNY3.75
091    @a6004.418
100    @a20050427d1982 km y0chiy0120 ea
101 0  @achi
200 1  @a中央人民政府法令汇编@AZhong Yang Ren Min Zheng Fu Fa Ling Hui Bian@e1949-1950@f中央人民政府法制委员会编@FZhong Yang Ren Min Zheng Fu Fa Zhi Wei Yuan Hui Bian
205    @a2版
210    @a北京@c法律出版社@d1982.07
215    @a863页@d22cm
517    @a1949-1950
606 0  @a法律@x汇编@x中国
690    @aD920.9@v3
711 02 @a中央人民政府法制委员会@4编
801    @aCN@bPftUser@c20061104
905    @dD920.9@e102:(1949-1950)=2
    
    中央人民政府法令汇编:1949-1950/中央人民政府法制委员会编.-2版.-北京:法律出版社,1982.07
    863页;22cm
    
    
    ISBN (精装):CNY3.75
    
●
相关链接 在E读中查询图书 在五车中查询图书 在当当中查询图书 在豆瓣中查询图书


正题名:中央人民政府法令汇编     索取号:D920.9/102:(1949-1950)=2         预约/预借

序号 登录号 条形码 馆藏地/架位号 状态 备注
1 0162622   002054029   第一样本阅览室/ [索取号:D920.9/102:(1949-1950)=2] 在馆    
唐山师范学院图书馆 欢迎您!
大连网信软件有限公司© 版权所有